On the suffering of the world (Record no. 4836)

MARC details
000 -CABECERA
campo de control de longitud fija 03523cam a2200325 i 4500
001 - NÚMERO DE CONTROL
campo de control 991106979921306196
005 - FECHA Y HORA DE LA ÚLTIMA TRANSACCIÓN
campo de control 20250711124025.0
008 - DATOS DE LONGITUD FIJA--INFORMACIÓN GENERAL
campo de control de longitud fija 200928s2020 enk b 000 0 eng d
020 ## - NÚMERO INTERNACIONAL ESTÁNDAR DEL LIBRO
Número Internacional Estándar del Libro 9781913462031
020 ## - NÚMERO INTERNACIONAL ESTÁNDAR DEL LIBRO
Número Internacional Estándar del Libro 191346203X
035 ## - NÚMERO DE CONTROL DEL SISTEMA
Número de control de sistema (OCoLC)1198445363
Número de control cancelado/no válido (OCoLC)1141155502
035 ## - NÚMERO DE CONTROL DEL SISTEMA
Número de control de sistema (OCoLC)on1198445363
040 ## - FUENTE DE LA CATALOGACIÓN
Centro catalogador/agencia de origen TOH
Lengua de catalogación eng
Normas de descripción rda
Centro/agencia transcriptor TOH
Centro/agencia modificador BDX
-- TOH
-- OCLCO
-- OCLCF
-- SFR
-- OCLCO
-- VA@
-- YDX
-- CaOTV
041 ## - CÓDIGO DE LENGUA
Código de lengua del texto/banda sonora o título independiente eng
050 ## - SIGNATURA TOPOGRÁFICA DE LA BIBLIOTECA DEL CONGRESO
Número de clasificación B3318.S8
Número de documento/Ítem S3 2020
100 ## - ENTRADA PRINCIPAL--NOMBRE DE PERSONA
Nombre de persona Schopenhauer, Arthur
Fechas asociadas al nombre 1788-1860
Término indicativo de función/relación author
9 (RLIN) 25694
245 10 - MENCIÓN DE TÍTULO
Título On the suffering of the world
Mención de responsabilidad, etc. / Arthur Schopenhauer ; edited and with an introduction by Eugene Thacker.
260 ## - PUBLICACIÓN, DISTRIBUCIÓN, ETC.
Lugar de publicación, distribución, etc. London :
Nombre del editor, distribuidor, etc. Repeater Books, an imprint of Watkins Media Ltd,
Fecha de publicación, distribución, etc. 2020.
300 ## - DESCRIPCIÓN FÍSICA
Extensión 311 pages :
Otras características físicas portrait ;
Dimensiones 20 cm.
504 ## - NOTA DE BIBLIOGRAFÍA, ETC.
Nota de bibliografía, etc. Includes bibliographical references.
505 0# - NOTA DE CONTENIDO CON FORMATO
Nota de contenido con formato Introduction: a philosophy in ruins, an unquiet void / by Eugene Thacker — A note on this edition — On the vanity and suffering of life — Additional remarks on the doctrine of the vanity of existence — Additional remarks on the doctrine of the suffering of the world — On death and its relation to the indestructibility of our inner nature — On the doctrine of the indestructibility of our true nature in death — On the doctrine of the denial of the will-to-live — Additional remarks on the doctrine of the affirmation and denail of the will-to-live — On suicide.
520 ## - SUMARIO, ETC.
Sumario, etc. On the Suffering of the World is a collection of the later aphoristic writings of Arthur Schopenhauer, known for their incisive, aphoristic style and dark, pessimistic view of human existence. Edited and with an introduction by Eugene Thacker, On the Suffering of the World comprises a core selection of Schopenhauer's later writings, gathered together for the first time in print. These texts, produced during the last decades of Schopenhauer's long life, reveal a unique kind of philosophy, expressed in a singular style. Eschewing the tradition of dry, totalizing, academic philosophy prevalent during the time, Schopenhauer's later writings mark a shift towards a philosophy of aphorisms, fragments, anecdotes and observations, written in a literary style that is by turns antagonistic, resigned, confessional, and filled with all the fragile contours of an intellectual memoir. Here Schopenhauer allows himself to pose challenging questions regarding the fate of the human species, the role of suffering in the world, and the rift between self and world that increasingly has come to define human existence, to this day. It is these writings of Schopenhauer that later generations of artists, poets, musicians, and philosophers would identify as exemplifying the pessimism of their era, and perhaps of our own as well. On the Suffering of the World is presented with an introduction that places Schopenhauer's thought in its intellectual context, while also connecting it to contemporary concerns over climate change, the anthropocene, and the spectre of human extinction. The book also includes a bibliography and chronology of Schopenhauer's life.
648 #0 - PUNTO DE ACCESO ADICIONAL DE MATERIA--TÉRMINO CRONOLÓGICO
Término cronológico 1800-1899
9 (RLIN) 25695
650 #0 - PUNTO DE ACCESO ADICIONAL DE MATERIA--TÉRMINO DE MATERIA
Término de materia o nombre geográfico como elemento de entrada Philosophy, German
Subdivisión cronológica 19th century
9 (RLIN) 25696
650 #0 - PUNTO DE ACCESO ADICIONAL DE MATERIA--TÉRMINO DE MATERIA
Término de materia o nombre geográfico como elemento de entrada Suffering
9 (RLIN) 25697
700 ## - ENTRADA AGREGADA--NOMBRE PERSONAL
Nombre de persona Thacker, Eugene
Término indicativo de función/relación editor
-- writer of introduction
9 (RLIN) 25698
700 #2 - ENTRADA AGREGADA--NOMBRE PERSONAL
Nombre de persona Schopenhauer, Arthur
Fechas asociadas al nombre 1788-1860.
Título de la obra Welt als Wille und Vorstellung.
Subencabezamiento de forma Selections.
Lenguaje de la obra English.
9 (RLIN) 25699
700 #2 - ENTRADA AGREGADA--NOMBRE PERSONAL
Nombre de persona Schopenhauer, Arthur
Fechas asociadas al nombre 1788-1860.
Título de la obra Parerga und Paralipomena.
Subencabezamiento de forma Selections.
Lenguaje de la obra English.
9 (RLIN) 25700
942 ## - ELEMENTOS DE ENTRADA AGREGADA (KOHA)
Fuente del sistema de clasificación o colocación Clasificación de Library of Congress
Holdings
Estado de retiro Estado de pérdida Fuente del sistema de clasificación o colocación Estado dañado No para préstamo Biblioteca de origen Biblioteca actual Fecha de adquisición Total de préstamos Signatura topográfica completa Código de barras Fecha visto por última vez Número de copia Precio válido a partir de Tipo de ítem Koha
    Clasificación de Library of Congress     TBS Barcelona TBS Barcelona 09/07/2025   B3318.S8 THA B05784 09/07/2025 1 09/07/2025 Book

Powered by Koha